Lights! camera! : (Record no. 3081)

MARC details
000 -LEADER
fixed length control field 01218cam a2200337 a 4500
001 - CONTROL NUMBER
control field 1979757
003 - CONTROL NUMBER IDENTIFIER
control field GBCCL
005 - DATE AND TIME OF LATEST TRANSACTION
control field 20241126110446.0
008 - FIXED-LENGTH DATA ELEMENTS--GENERAL INFORMATION
fixed length control field 890421s1989 alua j 000 1 eng
010 ## -
-- 89009049
020 ## - INTERNATIONAL STANDARD BOOK NUMBER
International Standard Book Number 0936625686 :
Terms of availability $3.95
040 ## - CATALOGING SOURCE
Original cataloging agency DLC
Transcribing agency DLC
Modifying agency DLC
042 ## -
-- lcac
050 00 -
-- PZ7.F82965
-- Li 1989
082 00 - DEWEY DECIMAL CLASSIFICATION NUMBER
Classification number 813.54
Edition information 20
Item number FOW
100 1# - MAIN ENTRY--PERSONAL NAME
Personal name Fowler, Ruth,
Dates associated with a name 1951-
9 (RLIN) 6378
245 10 - TITLE STATEMENT
Title Lights! camera! :
Remainder of title love in action! /
Statement of responsibility, etc. Ruth Fowler.
260 ## - PUBLICATION, DISTRIBUTION, ETC.
Place of publication, distribution, etc. Birmingham, AL :
Name of publisher, distributor, etc. Woman's Missionary Union, SBC,
Date of publication, distribution, etc. c1989.
300 ## - PHYSICAL DESCRIPTION
Extent 51 p. :
Other physical details ill. ;
Dimensions 22 cm.
520 ## - SUMMARY, ETC.
Summary, etc. Mary Jo explores her desire to become a missionary by corresponding with Helen McNeely in Zambia, Pete Dunn in Lebanon, and Larry Gay in Mexico.
600 10 - SUBJECT ADDED ENTRY--PERSONAL NAME
Personal name McNeely, Helen Trayler
General subdivision Juvenile.
9 (RLIN) 6379
600 10 - SUBJECT ADDED ENTRY--PERSONAL NAME
Personal name Dunn, Pete
General subdivision Juvenile fiction.
9 (RLIN) 6380
600 10 - SUBJECT ADDED ENTRY--PERSONAL NAME
Personal name Gay, Larry
General subdivision Juvenile fiction.
9 (RLIN) 6381
600 11 - SUBJECT ADDED ENTRY--PERSONAL NAME
Personal name McNeely, Helen Trayler
General subdivision Fiction.
9 (RLIN) 6382
600 11 - SUBJECT ADDED ENTRY--PERSONAL NAME
Personal name Dunn, Pete
General subdivision Fiction.
9 (RLIN) 6383
600 11 - SUBJECT ADDED ENTRY--PERSONAL NAME
Personal name Gay, Larry
General subdivision Fiction.
9 (RLIN) 6384
650 #1 - SUBJECT ADDED ENTRY--TOPICAL TERM
Topical term or geographic name entry element Missionaries
General subdivision Fiction.
9 (RLIN) 3832
650 #1 - SUBJECT ADDED ENTRY--TOPICAL TERM
Topical term or geographic name entry element Christian life
General subdivision Fiction.
9 (RLIN) 3833
906 ## - LOCAL DATA ELEMENT F, LDF (RLIN)
a 7
b cbc
c orignew
d 1
e ocip
f 19
g y-gencatlg
942 ## - ADDED ENTRY ELEMENTS (KOHA)
Source of classification or shelving scheme Dewey Decimal Classification
Koha item type Books
Koha issues (borrowed), all copies 1
Holdings
Withdrawn status Lost status Source of classification or shelving scheme Damaged status Not for loan Home library Current Library Shelving location Date acquired Total checkouts Full call number Barcode Date last seen Date last checked out Copy number Price effective from Koha item type
    Dewey Decimal Classification     GRACE BIBLE COLLEGE GRACE BIBLE COLLEGE General Studies 2017-10-18 1 813.54 FOW 009597 2025-05-01 2024-06-26 c.1 2017-10-18 Books
    Dewey Decimal Classification     GRACE BIBLE COLLEGE GRACE BIBLE COLLEGE General Studies 2018-04-13   813.54 FOW 009601 2025-05-01   c.2 2018-04-13 Books
© Grace Bible College Library 2025